=LDR 00000nam 2200000 4500 =001 INLIS000000000023117 =005 20130612121815 =008 ***********************************Ind** =035 ##$$0010-061300000023117 =041 ##$$a Ind =082 ##$$a 616.54 =090 ##$$a 616.54, Sir-a =100 ##$$a Siregar, R.S =245 ##$$a Atlas berwarna, saripati penyakit kulit edisi 2, R.S. Siregar =260 ##$$a 2004 $b Jakarta =300 ##$$a xii, 325 hlm., ilus, 27,5 cm =650 ##$$a Penyakit kulit =850 ##$$a NBPNMAT =990 ##$$a 0001/BPAP-NTB/2016